| 000 | 00476nam a2200169 i 4500 | ||
|---|---|---|---|
| 001 | 100208 | ||
| 003 | ES-MaACL | ||
| 005 | 20230906182628.0 | ||
| 007 | t| | ||
| 008 | 050922s1973 sp ||||1| spa d | ||
| 100 | 1 |
_aMartos Rodríguez, Juan. _978556 |
|
| 245 | 1 | 0 |
_aCon murmullos de viento... / _cJuan Martos Rodríguez. |
| 250 | _a[1ª ed.]. | ||
| 260 |
_aBarcelona : _bPeñiscola, _c1973. |
||
| 300 |
_a138 p. : _bil. ; _c23 cm. |
||
| 852 |
_aES-MaACL _jC-55450 _bR.88152 |
||
| 999 |
_c100208 _d100208 |
||